00804 2200253 4500001002100000005001700021008004100038035002400079082001300103090002000116100005500136245013300191250001100324260002900335300001800364500003000382650003800412700002200450700002700472850001500499985000600514999001500520999001500535YOGYA-0209000006121320090227035911.0 ind  0010-020900000061213 a899.2011 a899.2011bPro H aPROYEK PENERBITAN BUKU SASTRA INDONESIA DAN DAERAH aHikayat panca logamcProyek Penerbitan Buku sastra Indonesia dan daerah ; alih aksara, Nikmah A. Sunardjo, Putri Minerva Mutiara aCet. 1 aJakartabDepdikbudc1988 a...jilc21 cm aYang diterima : Jil. 1, 2 aKesusasteraan Indonesia - Hikayat aSunarjo, Nikmah A aMutiara, Putri Minerva aYOPDYOG(B) a2 aA000007927 aA000009702